| 000 | 01021nam a2200217Ia 4500 | ||
|---|---|---|---|
| 001 | 23120 | ||
| 003 | GE_BSU | ||
| 008 | 181216s||||||||xx |||||||||||||| ||und|| | ||
| 040 | _cGE_BSU | ||
| 080 | _aპერიოდიკა | ||
| 245 | _aბუღალტრული აღრიცხვა : №8 (259). აგვისტო 2018 | ||
| 245 | _bსაქართველოს პროფესიონალ ბუღალტერთა და აუდიტორთა ფედერაცია. | ||
| 245 | _cმთავარი რედაქტორი ლავრენტი ჭუმბურიძე.გამოც.რედ:მანანა გველესიანი. | ||
| 260 | _aთბილისი | ||
| 260 | _c2018 | ||
| 300 | _a68 გვ. ; 30სმ. | ||
| 653 | _aბუღალტერია | ||
| 653 | _aბუღალტრული აღრიცხვა : №8 (259). აგვისტო 2018 | ||
| 653 | _aპერიოდიკა | ||
| 942 | _cCR | ||
| 999 |
_c56020 _d56020 |
||